[Event "Sao Paulo Carnaval op"]
[Site "Sao Paulo"]
[Date "2025.03.03"]
[Round "5"]
[White "Yokomizo, Wilton"]
[Black "Coutinho, Felipe C Moreira R"]
[Result "1-0"]
[WhiteElo "1598"]
[BlackElo "1825"]
[PlyCount "120"]
[EventDate "2025.03.01"]
[EventType "swiss (rapid)"]
[EventRounds "6"]
[EventCountry "BRA"]
[SourceTitle "CB10_2025"]
[SourceDate "2025.03.05"]
[SourceVersion "1"]
[SourceVersionDate "2025.03.05"]
[SourceQuality "1"]

1. d4 Nf6 2. c4 e6 3. Nc3 b6 4. Nf3 Bb7 5. Bg5 Be7 6. e3 d6 7. Bd3 h6 8. Bf4 Nbd7 9. e4 c5 10. Nb5 Nf8 11. Qa4 Bc6 12. d5 Ng6 13. Bg3 Bxb5 14. Qxb5+ Qd7 15. dxe6 fxe6 16. e5 Nxe5 17. Nxe5 dxe5 18. Bg6+ Kf8 19. Qxd7 Nxd7 20. 0-0-0 Rd8 21. Rhe1 Bg5+ 22. Kc2 Ke7 23. Rd3 Kf6 24. Red1 Kxg6 25. Rxd7 Rxd7 26. Rxd7 Rd8 27. Rxd8 Bxd8 28. Bxe5 Bf6 29. Bb8 a6 30. a4 Bd8 31. Be5 Kf7 32. b3 g5 33. Kd3 Kg6 34. g4 h5 35. h3 hxg4 36. hxg4 a5 37. Ke4 Kf7 38. Bb8 Kf6 39. Be5+ Kf7 40. Bb8 Kf6 41. f4 gxf4 42. Kxf4 Kg6 43. Ke5 Kf7 44. Kd6 Bf6 45. Kc6 Bd8 46. Be5 Ke7 47. Bh8 Kf7 48. Kd7 Bf6 49. Bxf6 Kxf6 50. Kc6 e5 51. Kd5 Kg5 52. Kxe5 Kxg4 53. Kd6 Kf4 54. Kc6 Ke4 55. Kxb6 Kd4 56. Kxa5 Kc3 57. Kb5 Kxb3 58. a5 Kc3 59. a6 Kd4 60. a7 Kc3 1-0